Cities of Amador County on a Map - Statistics

General Stats
  • This quiz has been taken 36 times
  • The average score is 4 of 5
Answers on the Map
Answers color-coded by a green-red scale on the quiz's map according to % correct below.
 
Answer Stats
Answer % Correct
Amador City
95%
Ione
82%
Jackson
82%
Sutter Creek
68%
Plymouth
50%
No matching quizzes found
Score Distribution
Percent of People with Each Score
Percentile by Number Answered
Your Score History
You have not taken this quiz